[Event "RUS Cup Final Men 2018"]
[Site "Khanty-Mansiysk"]
[Date "2018.12.06"]
[Round "1.2"]
[White "Predke, Alexandr"]
[Black "Bocharov, Dmitry"]
[Result "0-1"]
[WhiteElo "2622"]
[BlackElo "2533"]
[Annotator "TA"]
[PlyCount "90"]
[EventDate "2018.12.05"]
[EventType "k.o."]
[EventCountry "RUS"]
[SourceTitle "playchess.com"]
[Source "ChessBase"]
[SourceQuality "1"]

{[%evp 20,90,35,12,17,0,0,1,0,-18,-16,-12,-12,0,0,-13,0,-14,0,-27,-10,-40,8,0,0,0,25,24,41,22,32,15,71,63,68,71,121,113,99,101,101,81,107,96,108,119,143,112,120,118,150,-27,-35,-60,-60,-62,-19,-20,-10,-28,0,-68,-62,-388,-369,-377,-341,-750,-740,-807,-483,-1600,-1587]} 1. e4 c5 2. Nf3 d6 3. d4 cxd4 4. Nxd4 Nf6 5. Nc3 a6 6. Be2 e6 7. O-O Nbd7 8. a4 b6 9. f4 Bb7 10. Bf3 Qc7 11. Re1 {LiveBook: 6 Games. B84: Sicilian Scheveningen: 6 Be2 a6, lines without early Be3} (11. Qe2 Rc8 12. Be3 h5 13. Bf2 Ng4 14. Bxg4 hxg4 15. Qxg4 Nf6 16. Qe2 Qc4 17. Rfe1 Qxe2 18. Rxe2 Ng4 19. Nf3 Nxf2 20. Kxf2 {½-½ (65) Karjakin,S (2783)-Nepomniachtchi,I (2751) chess.com INT 2017}) 11... Rc8 12. a5 Be7 13. axb6 {The position is equal.} Nxb6 14. Kh1 $146 ({Predecessor:} 14. e5 dxe5 15. Bxb7 Qxb7 16. fxe5 Nfd5 17. Ne4 O-O 18. Qg4 Kh8 {0-1 (39) Pupke,P (2096)-Ronczkowski,M (2506) Chessfriend.com 2004}) 14... O-O 15. Qe2 Rfd8 16. Qf2 h6 17. Na4 Nbd7 18. Nc3 Bf8 19. Qg3 Nc5 20. Bd2 d5 21. e5 Nfe4 22. Bxe4 $1 dxe4 23. Nce2 Rd5 24. Rec1 Qd8 25. Qe3 $36 {[%mdl 2048] Black must now prevent b4. White is more active.} Nd7 {[#]} (25... g5 $11 {remains equal.}) 26. c4 $1 $16 {[%cal Rc4d5]} ({Much worse is} 26. Qxe4 Bc5 $11) 26... Rdc5 27. b3 $1 {[%cal Bb2b3,Bb3b4][%mdl 32]} Rb8 28. b4 Rc7 29. c5 Rbc8 30. Bc3 Qh4 31. Ng3 Qg4 32. Bb2 Qg6 33. Re1 Rb8 34. Qe2 e3 35. Bc1 $2 (35. Qxe3 $16 Be7 36. Qe2) 35... Bd5 $11 36. Ba3 {[#]} a5 $1 {[%mdl 512]} 37. bxa5 Bxc5 38. Bxc5 Nxc5 39. Qxe3 h5 {[%cal Bh6h5,Bh5h4,Bh4h3][%mdl 32] ...h4 is the strong threat.} (39... Rb2 $5 {[%cal Rb2g2]} 40. Re2 Rb1+ 41. Re1 Rb2 $11) 40. f5 (40. Rg1 $11) 40... Qg4 $1 $15 {[%mdl 1024] Strongly threatening ...h4. Black has compensation.} 41. Re2 $2 {[%mdl 8192]} ({White has to play} 41. a6 $1 $15 Rb2 42. Nde2) 41... h4 $19 42. Nf1 {With the idea h3.} Rb4 43. Nf3 $2 (43. h3 Qxd4 44. Qxd4 Rxd4 45. fxe6) 43... h3 {Black is clearly winning.} 44. N1d2 Nb3 45. Kg1 (45. Nxb3 $142 Rxb3 46. Qg5 Bxf3 47. Qxg4 Bxg4 48. Rf2) 45... Nxa1 {Accuracy: White = 31%, Black = 54%.} 0-1

[Event "RUS Cup Final Men 2018"]
[Site "Khanty-Mansiysk"]
[Date "2018.12.06"]
[Round "1.2"]
[White "Kokarev, Dmitry"]
[Black "Vavulin, Maxim"]
[Result "1/2-1/2"]
[WhiteElo "2598"]
[BlackElo "2565"]
[Annotator "TA"]
[PlyCount "100"]
[EventDate "2018.12.05"]
[EventType "k.o."]
[EventCountry "RUS"]
[SourceTitle "playchess.com"]
[Source "ChessBase"]
[SourceQuality "1"]

{[%evp 22,100,68,53,90,89,84,83,92,90,105,66,57,57,53,48,49,39,41,31,48,21,21,22,38,22,29,11,10,2,94,0,2,2,2,1,1,0,2,3,16,0,29,29,69,18,12,0,0,0,0,0,0,0,80,83,446,151,355,199,192,0,0,0,0,0,0,0,0,0,0,0,0,0,0,0,0,0,0,0,0]} 1. e4 {[%cal Be2e4,Be4e5][%mdl 32]} Nf6 2. e5 Nd5 3. d4 {[%cal Bd2d4,Bd4d5][%mdl 32]} d6 4. Nf3 Nc6 5. c4 Nb6 6. e6 fxe6 7. Nc3 e5 8. d5 {B04: Alekhine's Defence: 4 Nf3} Nd4 9. Nxd4 (9. Ng5 Bf5 10. Bd3 Qd7 11. Be3 h6 12. Bxf5 Qxf5 13. Nge4 c5 14. O-O g5 15. Qd3 Qd7 {½-½ (52) Wang,H (2733)-Ma,Q (2481) Beijing 2012}) 9... exd4 10. Qxd4 e5 11. Qd1 Bf5 12. Bd3 {LiveBook: 4 Games} Qd7 13. O-O Be7 14. a4 Bxd3 15. Qxd3 Qg4 16. Ne4 $146 O-O 17. f3 Qg6 18. Qb3 Rfb8 19. Be3 Nd7 20. c5 Nf6 21. Qc4 Nxe4 22. fxe4 Bg5 23. Bxg5 Qxg5 24. Ra3 Rf8 25. Raf3 Rf4 {[#]} (25... Rxf3 $11 26. Rxf3 Qd2) 26. g3 ({White should try} 26. cxd6 $1 $16 cxd6 27. Qc7) 26... Rxf3 27. Rxf3 $11 {[%mdl 4096] Endgame KQR-KQR} Qd2 28. cxd6 cxd6 29. Rf2 Qe3 30. Kg2 h6 31. Rf3 Qg5 32. Qc7 $36 {[%mdl 2048] White has the initiative.} Qd2+ 33. Kh3 (33. Rf2 $14 Qb4 34. Kh3) 33... Qe2 $1 {[%cal Re2f3]} 34. Qxb7 Qxf3 35. Qxa8+ {KQ-KQ} Kh7 36. Qxa7 Qf1+ 37. Kh4 {Black should prevent Qd7.} Qg2 {[#]} (37... Qf3 $11 38. Qd7 Qxe4+ 39. g4 Qxd5) 38. Qf7 $1 $16 {[%cal Rf7f5] aiming for Qf5+.} Qxh2+ (38... Qxe4+ $142 39. Kh3 Qc4) 39. Kg4 Qxb2 $2 (39... Qc2 $16) 40. Qf5+ (40. Kf5 $142) 40... Kg8 $18 41. a5 $2 (41. Qe6+ $18 Kh7 42. Qxd6) 41... Qe2+ $11 {The position is equal.} 42. Kh4 Qh2+ 43. Qh3 g5+ 44. Kg4 Qe2+ 45. Kf5 Kf7 $1 {[%cal Re2f3]} 46. Qxh6 {Black must now prevent Qh7+.} Qf3+ 47. Kxg5 {Intending Qh5+ and mate.} Qxg3+ 48. Kf5 {Threatening mate with Qh7+.} Qf3+ 49. Kg5 {White threatens Qh5+ and mate.} Qf4+ 50. Kh5 {Qxf4+ would kill now.} Qh2+ {Precision: White = 49%, Black = 47%.} 1/2-1/2

[Event "RUS Cup Final Men 2018"]
[Site "Khanty-Mansiysk"]
[Date "2018.12.06"]
[Round "1.2"]
[White "Volkov, Sergey"]
[Black "Timofeev, Artyom"]
[Result "0-1"]
[WhiteElo "2583"]
[BlackElo "2589"]
[Annotator "TA"]
[PlyCount "142"]
[EventDate "2018.12.05"]
[EventType "k.o."]
[EventCountry "RUS"]
[SourceTitle "playchess.com"]
[Source "ChessBase"]
[SourceQuality "1"]

{[%evp 16,142,9,-5,29,10,11,16,12,9,19,6,17,16,22,12,16,0,27,0,-10,-22,-19,-51,-57,-112,-100,-125,-134,-130,-122,-120,-127,-128,-80,-99,-87,-117,-102,-113,-102,-137,-136,-127,-27,-103,-52,-235,-56,-42,-43,-72,0,0,-5,-6,0,0,0,0,0,0,-8,-29,-22,-46,0,-8,-30,-54,-65,-106,-106,-60,-106,-101,-97,-101,-100,-105,-100,-102,-106,-105,-106,-100,-8,-39,-37,-98,-58,-189,-131,-187,-185,-168,-169,-256,-245,-29950,-411,-29950,-29952,-29948,-29952,-29952,-465,-29951,-29954,-2409,-1531,-1513,-1560,-29959,-29961,-12795,-5716,-29962,-29964,-29962,-29965,-29967,-29969,-29968,-29970,-29969,-29969,-29970,-29964]} 1. d4 d5 2. c4 e6 3. Nc3 Be7 4. Nf3 Nf6 5. Bg5 h6 6. Bxf6 Bxf6 7. Qb3 c6 8. Rd1 Nd7 {D53: Queen's Gambit Declined: 4 Bg5 Be7: Early deviations} 9. e4 {LiveBook: 3 Games} Nb6 $146 ({Predecessor:} 9... dxe4 10. Nxe4 Qa5+ 11. Rd2 Be7 12. Be2 Nf6 13. Nxf6+ Bxf6 14. O-O O-O 15. Qe3 Qc7 16. c5 {1-0 (32) Moiseenko,A (2695)-Huzman,A (2582) Jerusalem 2015}) 10. Be2 (10. c5 {with more complications.} Nd7 11. Bd3 Qa5 12. O-O O-O 13. e5) 10... Nxc4 {The position is equal.} 11. Bxc4 dxc4 12. Qxc4 O-O 13. O-O Bd7 14. Ne5 a5 15. f4 b5 16. Qe2 Be8 17. Qf2 c5 18. d5 {Threatens to win with dxe6.} Qb6 19. d6 {aiming for d7.} b4 20. d7 ({White should try} 20. Ne2 $15 Bb5 21. Nd3) 20... bxc3 $17 21. bxc3 Bxe5 $1 22. fxe5 Qc7 23. dxe8=Q Raxe8 24. Rd6 Qb7 25. Qe3 Qb2 26. Rd2 Qb5 27. h3 c4 28. Qd4 Rc8 29. Rff2 Qc5 (29... Rb8 $17) 30. Kh2 (30. Qxc5 $1 $11 Rxc5 31. Rd4) 30... a4 (30... Qe7 $17) 31. Kg3 $2 (31. Qxc5 $1 $15 Rxc5 32. Rd4) 31... a3 $2 (31... Qa5 $19 {White must now prevent ...Rcd8.} 32. Kh2 Rfd8) 32. Qxc5 $15 Rxc5 {[%mdl 4096] Endgame KRR-KRR} 33. Kf4 Rb8 (33... Rb5 $17) 34. Rd7 $11 Rcb5 35. Ke3 Rxe5 36. Rfxf7 Rg5 37. g4 Rb2 38. Ra7 Rxa2 39. Kd4 Re2 40. Rfe7 e5+ 41. Kxc4 Rxe4+ 42. Kd5 Re3 43. Rxa3 Rxh3 44. Ra8+ Kh7 45. c4 Rd3+ 46. Kc6 Rg6+ 47. Kb5 Rb3+ 48. Kc5 Rxg4 49. Rxe5 Rc3 50. Ra4 Rh3 (50... Rc2 $17) 51. Kb5 Rhh4 52. Rc5 (52. Rb4 $15) 52... h5 53. Ra8 (53. Ra3 $1 $15) 53... Rh1 $19 54. Rcc8 Rb1+ $1 55. Kc5 {[#]} Kg6 $1 56. Kd6 {[#]} (56. Ra6+ $142 Kh7 57. Raa8) 56... Rd1+ $1 57. Ke7 $2 (57. Kc5 $19) 57... Re4+ 58. Kf8 Kh7 {[%cal Rd1f1]} 59. Ra7 Rf1+ 60. Rf7 Rxf7+ 61. Kxf7 {KR-KR} h4 62. Rc5 Rf4+ 63. Ke7 Kg6 64. Rc8 h3 65. Rh8 Rxc4 66. Rxh3 Kf5 {Black mates.} 67. Kd6 g5 68. Kd5 Ra4 69. Rf3+ Kg4 70. Rf1 Kg3 71. Rg1+ Kf2 {Accuracy: White = 39%, Black = 64%.} 0-1

[Event "RUS Cup Final Men 2018"]
[Site "Khanty-Mansiysk"]
[Date "2018.12.06"]
[Round "1.2"]
[White "Pridorozhni, Aleksei"]
[Black "Sarana, Alexey"]
[Result "1-0"]
[WhiteElo "2567"]
[BlackElo "2618"]
[Annotator "TA"]
[PlyCount "63"]
[EventDate "2018.12.05"]
[EventType "k.o."]
[EventCountry "RUS"]
[SourceTitle "playchess.com"]
[Source "ChessBase"]
[SourceQuality "1"]

{[%evp 13,63,0,11,20,70,0,0,8,6,0,9,1,15,-9,20,32,25,22,56,64,106,106,183,164,246,204,260,255,242,232,212,220,530,527,487,482,489,326,1247,1241,1135,1096,1367,1330,2597,1116,879,1114,1005,990,29990,29991]} 1. e4 c5 2. Nf3 d6 3. d4 cxd4 4. Nxd4 Nf6 5. Nc3 a6 6. Nb3 g6 {B90: Sicilian Najdorf: Unusual White 6th moves, 6 Be3 Ng4 and 6 Be3 e5} (6... e5 7. Bg5 Be6 8. f4 exf4 9. Qd2 Be7 10. O-O-O Bxb3 11. cxb3 Nc6 12. Bxf4 O-O 13. Bxd6 Bxd6 14. Qxd6 Qa5 15. Be2 {½-½ (76) Kryvoruchko,Y (2695)-Abdusattorov,N (2558) Batumi 2018}) 7. Be3 Bg7 {LiveBook: 4 Games} 8. Qd2 b5 $146 {The position is equal.} ({Predecessor:} 8... Nbd7 9. Bh6 Bxh6 10. Qxh6 b5 11. Bd3 Bb7 12. a3 Qb6 13. O-O Ne5 14. Kh1 {0-1 (43) Magen,D (2144)-Indjic,A (2569) Budapest 2017}) 9. Bh6 (9. a4 $1 $14) 9... Bxh6 $11 10. Qxh6 Bb7 11. f3 Nbd7 12. a4 b4 13. Na2 d5 14. exd5 Bxd5 15. O-O-O $36 {[%mdl 2048] White has some pressure.} Qc7 16. Kb1 a5 17. Bb5 $1 e6 (17... O-O-O $16 {is a better defense.}) 18. Rhe1 Bxb3 (18... O-O-O {keeps fighting.}) 19. cxb3 $18 Ke7 20. Rxe6+ Kxe6 21. Re1+ $1 Ne5 22. f4 $1 Nfd7 $2 (22... Nfg4 23. Qg5 {[%mdl 64] Pin} f5) 23. fxe5 Nxe5 24. Nc1 ({Not} 24. Bc4+ Kf6 $16) 24... Rhd8 25. Qg7 Rd4 $2 (25... Rg8 26. Qxh7 Rh8) 26. Nd3 $1 Rxd3 27. Bxd3 Re8 28. Bc4+ Kf5 29. g4+ (29. Rf1+ $142 Kg5 {[#]} 30. h4+ $1 {[%mdl 512]} Kg4 31. Qf6 Nf3 32. gxf3+ Kh3 33. Qg5 Qg3 34. Rh1+ Kg2 35. Rg1+ $1 {[%mdl 576] Skewer, Deflection} Kxg1 36. Qxg3+ Kh1 37. Bf1 Re2 38. Bxe2 h5 39. Bf1 f6 40. Qg2#) 29... Kg5 {[#]} 30. h4+ $1 {[%mdl 512]} Kxg4 (30... Kxh4 31. Qf6+) 31. Qf6 {Intending Qg5+ and mate.} Nxc4 32. Rg1+ {Accuracy: White = 77%, Black = 34%.} 1-0

[Event "RUS Cup Final Men 2018"]
[Site "Khanty-Mansiysk"]
[Date "2018.12.06"]
[Round "1.2"]
[White "Tsydypov, Zhamsaran"]
[Black "Paravyan, David"]
[Result "0-1"]
[WhiteElo "2529"]
[BlackElo "2634"]
[Annotator "TA"]
[PlyCount "48"]
[EventDate "2018.12.05"]
[EventType "k.o."]
[EventCountry "RUS"]
[SourceTitle "playchess.com"]
[Source "ChessBase"]
[SourceQuality "1"]

{[%evp 19,48,25,25,19,32,21,38,-6,-11,-12,-3,-67,-83,-89,-81,-95,-75,-83,0,-169,-165,-160,-179,-108,-119,-196,-176,-162,-38,-786,-770]} 1. e4 c5 2. Nf3 Nc6 3. d4 cxd4 4. Nxd4 e5 5. Nb5 {[%cal Bd4b5,Bb5a3,Ba3c4][%mdl 32]} d6 6. N1c3 a6 7. Na3 Be6 8. Nc4 b5 9. Ne3 Nf6 {B32: Sicilian: Löwenthal and Kalashnikov Variations} 10. g3 h5 {LiveBook: 3 Games} (10... g6 11. Bg2 Bh6 12. O-O O-O 13. Bd2 Rb8 14. Kh1 Re8 15. a3 Bg7 16. Ncd5 Bxd5 17. exd5 {½-½ (41) Bauer,C (2636)-Cornette,M (2593) Nimes 2018}) 11. h4 $146 ({Predecessor:} 11. Bg2 Rc8 12. Ncd5 Bxd5 13. exd5 Nb8 14. Bd2 Nbd7 15. a4 bxa4 16. Rxa4 Nc5 17. Rc4 {½-½ (25) Bittencourt,J (2473)-Cubas,J (2438) Sao Caetano do Sul 2009}) 11... g6 {The position is equal.} 12. Bg2 Bh6 13. Ned5 (13. Ncd5 {with more complications.} Bxd5 14. Nxd5 Bxc1 15. Rxc1 O-O 16. c3) 13... Bxc1 14. Nxf6+ Qxf6 15. Qxd6 ({White should play} 15. Rxc1 $11 Nd4 16. Nd5 Bxd5 17. exd5) 15... Bxb2 $15 16. Qxc6+ Kf8 $1 17. Nd5 Qd8 18. Rb1 Qa5+ (18... Bd4 $17 {Hoping for ...Qa5+.} 19. O-O Kg7) 19. Ke2 $2 (19. Kd1 $1 $11 {and White stays safe.} Qxa2 20. Rxb2 (20. Qxa8+ $2 {loses.} Kg7 $19) 20... Qxb2 21. Qxa8+ Kg7 22. Qxa6) 19... Qxa2 $19 20. Qxa8+ Kg7 21. Qb7 {Strongly threatening Ne3.} Rc8 $1 $36 {[%cal Rc8c2][%mdl 2048] Black is on the roll.} 22. Rhc1 (22. Ne3 {[#] gets mated.} Rxc2+ $3 {[%mdl 512]} 23. Kf3 Bd4 $1 {[%mdl 512]} 24. Qxf7+ Kxf7 25. Rb2 Rxb2 26. g4 Bxe3 27. Bf1 Rxf2+ 28. Kg3 Bf4+ 29. Kh3 hxg4#) (22. Kd2 $17 Qa5+ 23. Kd1) 22... Bxc1 23. Rxc1 Qb2 ({Better is} 23... Rxc2+ $19 24. Rxc2 Qxc2+ 25. Ke1 Bg4) 24. Nc7 $2 {[%mdl 8192]} (24. Kd2 $15) 24... Bc4+ {Accuracy: White = 32%, Black = 53%.} 0-1

[Event "RUS Cup Final Men 2018"]
[Site "Khanty-Mansiysk"]
[Date "2018.12.06"]
[Round "1.2"]
[White "Sorokin, Aleksey"]
[Black "Chigaev, Maksim"]
[Result "1/2-1/2"]
[WhiteElo "2524"]
[BlackElo "2606"]
[Annotator "TA"]
[PlyCount "83"]
[EventDate "2018.12.05"]
[EventType "k.o."]
[EventCountry "RUS"]
[SourceTitle "playchess.com"]
[Source "ChessBase"]
[SourceQuality "1"]

{[%evp 16,83,66,58,62,47,63,66,60,53,71,59,67,60,61,63,63,56,56,56,56,56,56,56,56,56,56,48,48,0,55,0,56,48,56,56,56,56,48,48,63,39,62,29,29,29,29,12,22,8,23,0,0,0,0,0,0,7,22,0,34,29,29,29,29,29,36,21,34,29]} 1. d4 Nf6 2. Bg5 e6 3. e4 c5 4. d5 h6 5. Bxf6 Qxf6 6. Nc3 {A45: Trompowsky Attack} a6 7. Nf3 {[%cal Bg1f3,Bf3d2,Bd2c4][%mdl 32]} e5 8. a4 d6 9. Nd2 {LiveBook: 3 Games} h5 $146 ({Predecessor:} 9... Nd7 10. Be2 g6 11. Bg4 h5 12. Bh3 {1-0 (39) Iotov,V (2556)-Berbatov,K (2392) Sofia 2009}) 10. Nc4 {[#] Strongly threatening Nb6.} Nd7 11. h4 b6 12. Ra3 Be7 13. Rb3 Bd8 14. g3 g6 15. Bh3 O-O 16. O-O Bc7 17. Kg2 Rb8 18. Qe2 Qd8 19. f3 Kg7 20. Ne3 Qe7 21. Rh1 Qd8 22. Rf1 Qe7 $1 23. Rf2 (23. Ra3 $14) 23... Qd8 (23... b5 $1 $11) 24. Kh2 Kh7 25. Qf1 Qe7 26. Ra3 {[%cal Bb3a3,Ba3a1,Ba1f1][%mdl 32]} Qd8 27. Qe2 Qe8 28. Ra1 (28. Kg1 {is more complex.} Bb7 29. Rf1 Rh8 30. Rb3 Rf8 31. Kh2) 28... Bd8 29. Raf1 Bf6 {[%cal Bd8f6,Bf6g7,Bg7h6][%mdl 32]} 30. Kh1 Bg7 31. Rh2 Nf6 32. Bxc8 Qxc8 33. Ra1 Bh6 34. Nc4 Qc7 35. Na3 Ra8 36. Rf1 Qd7 37. Kg2 Rfc8 38. Rhh1 Qc7 39. b3 Rcb8 40. Ra1 Rc8 41. Rhf1 Rf8 42. Nc4 {Accuracy: White = 53%, Black = 67%.} 1/2-1/2

[Event "RUS Cup Final Men 2018"]
[Site "Khanty-Mansiysk"]
[Date "2018.12.06"]
[Round "1.2"]
[White "Afanasiev, Nikita"]
[Black "Jakovenko, Dmitry"]
[Result "1-0"]
[WhiteElo "2494"]
[BlackElo "2735"]
[Annotator "TA"]
[PlyCount "88"]
[EventDate "2018.12.05"]
[EventType "k.o."]
[EventCountry "RUS"]
[SourceTitle "playchess.com"]
[Source "ChessBase"]
[SourceQuality "1"]

{[%evp 19,88,0,0,-44,-40,-41,-41,-37,-37,-33,-32,-50,-18,-30,47,12,11,11,13,0,29,17,18,31,113,21,6,6,12,4,20,6,42,-20,0,0,0,-115,-90,-123,-33,-31,-33,-30,-37,-29,-37,-29,-10,-32,-28,-16,0,0,0,-41,-34,-125,-129,-136,-133,-135,-134,-135,-129,-127,-8,-8,0,-154,-154]} 1. d4 Nf6 2. c4 e6 3. Nf3 c5 4. Nc3 cxd4 5. Nxd4 Nc6 6. e4 Bb4 7. Nxc6 bxc6 8. Bd3 e5 9. O-O O-O 10. Na4 {B44: Sicilian: Taimanov: 5 Nb5} (10. Qe2 d6 11. Na4 d5 12. a3 Bd6 13. Bg5 h6 14. Bxf6 Qxf6 15. cxd5 cxd5 16. exd5 Qf4 17. Bb5 Bg4 {½-½ (60) Karjakin,S (2782)-Vachier Lagrave,M (2789) Paris 2018}) 10... d5 {LiveBook: 4 Games} 11. Bg5 dxe4 12. Bc2 $146 {Black is slightly better.} ({Predecessor:} 12. Bxf6 Qxf6 13. Bxe4 Ba6 14. Qc2 g6 15. Rfd1 Rad8 16. c5 Qe6 17. a3 Ba5 {½-½ (35) Kukov,V (2413)-Rooze,J (2340) Augsburg 2013}) 12... Qxd1 13. Rfxd1 Bg4 14. Rdc1 Rad8 15. h3 Bf5 16. Be3 Bg6 (16... Bd2 $11) 17. a3 Bd2 18. Rd1 Bxe3 19. fxe3 h5 20. Nc5 h4 21. b4 Nh5 (21... Bh5 $14 22. Rxd8 Rxd8) 22. Rxd8 (22. Ba4 $16) 22... Rxd8 $11 23. Rd1 Rxd1+ 24. Bxd1 {[%mdl 4096] Endgame KBN-KBN} Ng3 25. Kf2 f6 26. a4 (26. Nb7 $14) 26... Kf8 27. a5 Ke7 28. Ba4 (28. b5 $1 $11 {keeps the balance.} cxb5 29. cxb5) 28... Kd6 $17 29. Na6 Bf7 ({Black should play} 29... Bf5 $17) 30. c5+ $15 Kd7 31. b5 $1 {[%cal Rb5b6]} ({Don't blunder} 31. Nb8+ $2 Kc7 $17) 31... cxb5 $1 32. Bxb5+ Kc8 33. Nb4 Kc7 34. Na6+ Kb7 35. Nb4 Kc7 36. Na6+ Kc8 37. Nb4 Nf5 38. Nc6 (38. Bc6 $15) 38... Bd5 $17 39. Ba6+ Kc7 40. Nxa7 {[#]} Ne7 $1 41. Be2 Kb7 42. Nb5 Kc6 (42... Ka6 $17 43. Nc7+ {[%mdl 64] Discovered Attack (Double check)} Kxa5) 43. a6 $1 $11 Nc8 44. Bg4 $2 {[#]} (44. Nc3 $11) 44... Kxb5 {[%mdl 32768] Accuracy: White = 47%, Black = 41%. . Sensor Board Error (Ke4/e5)?} 1-0

[Event "RUS Cup Final Men 2018"]
[Site "Khanty-Mansiysk"]
[Date "2018.12.06"]
[Round "1.3"]
[White "Predke, Alexandr"]
[Black "Bocharov, Dmitry"]
[Result "0-1"]
[WhiteElo "2622"]
[BlackElo "2533"]
[Annotator "TA"]
[PlyCount "74"]
[EventDate "2018.12.05"]
[EventType "k.o."]
[EventCountry "RUS"]
[SourceTitle "playchess.com"]
[Source "ChessBase"]
[SourceQuality "1"]

{[%evp 10,74,33,0,0,0,0,0,0,0,0,0,0,0,10,11,10,14,15,16,19,0,12,10,13,14,22,16,24,27,54,50,48,39,45,38,34,31,46,-22,-27,-44,13,-47,-12,-150,0,0,0,0,30,40,205,208,296,259,253,295,282,269,356,352,314,0,0,-29998,-29999]} 1. e4 c5 2. Nf3 d6 3. d4 cxd4 4. Nxd4 Nf6 5. Nc3 a6 6. Nf3 {LiveBook: 3 Games} Nbd7 {B90: Sicilian Najdorf: Unusual White 6th moves, 6 Be3 Ng4 and 6 Be3 e5} (6... e6 7. e5 Ng4 8. Bf4 Qb6 9. Qd2 dxe5 10. Nxe5 Nxe5 11. Bxe5 Nc6 12. Bg3 Qxb2 13. Rb1 Qa3 14. Bd3 {½-½ (57) Andreikin,D (2712)-Karjakin,S (2763) Moscow 2018}) 7. a4 b6 8. Bc4 $146 ({Predecessor:} 8. Bg5 Bb7 9. Bxf6 Nxf6 10. Qd4 e6 11. Rd1 Qc7 12. Be2 Be7 13. O-O O-O 14. h3 {0-1 (33) Lipsits,S (1505)-Mashchenko,V (1817) LSS email 2014}) 8... Bb7 {The position is equal.} 9. O-O e6 10. Nd4 Nc5 11. f3 Qc8 12. Ba2 Be7 13. Qe1 O-O 14. Qg3 Kh8 15. Bg5 h6 16. Be3 Qc7 17. Rad1 Rad8 18. Kh1 Qc8 19. Rd2 Ncd7 20. Bxe6 fxe6 21. Nxe6 {[%csl Ge6][%cal Rg3g7][%mdl 64] Double Attack} Rf7 {Strongly threatening ...Qc4.} 22. Nxd8 Qxd8 23. Rfd1 $40 {[%mdl 128] White attacks.} Qf8 24. Ne2 (24. b3 $14) 24... Ne5 $1 $11 25. Rd4 Qc8 ({Black should try} 25... Kh7 $15) 26. c3 (26. Nc3 $11) 26... Nh5 $15 27. Qe1 {[#]} (27. Qf2 $11 {was the only way to keep the balance.}) 27... g5 (27... Nxf3 $1 $17 {[%mdl 512]} 28. gxf3 Rxf3) 28. Ng3 $11 Nxg3+ 29. Qxg3 Qe6 30. Rb4 g4 $2 (30... Qc8 $14) 31. f4 $1 $18 {[%cal Rf4e5]} (31. Rxb6 gxf3 32. Rxb7 Rg7 $11) 31... Nc4 (31... Nd7 {was necessary.}) 32. Bd4+ Kh7 33. f5 Qxe4 {[#] aiming for ...Bh4!} 34. Re1 $1 {[%cal Re1e4]} ({Weaker is} 34. Rxc4 Bh4 $16) 34... Qxf5 {Hoping for ...d5.} 35. Rxc4 Bg5 36. Be3 $2 ({And not} 36. Qxd6 Bxg2+ 37. Kxg2 Qf3+ 38. Kg1 Bh4 $11) (36. Bxb6 $18 h5 {[#]} 37. Qf2 $1 {[%mdl 512]} (37. Qxd6 Bh4 $14) 37... Qxf2 38. Bxf2) 36... Qd3 $11 {And now ...Bxe3 would win.} 37. Bxg5 $4 {[%mdl 8192]} (37. Rf4 $11 Bxf4 38. Bxf4) 37... Rf1+ {Accuracy: White = 61%, Black = 49%.} 0-1